Statistics for Controllers of Paraguay Throughout History

Click here to take the quiz!

General Stats

  • This quiz has been taken 16 times
  • The average score is 4 of 5

Answer Stats

Time PeriodAnswer% Correct
1813-Paraguay
93%
1537-1580Spain
93%
1640-1825Spain
93%
1825-1935Bolivia
71%
1580-1640Iberian Union
29%

Score Distribution

Percentile by Number Answered

Percent of People with Each Score

Your Score History

You have not taken this quiz